Fictional Characters by Description II Quiz Stats

Quiz Updated Jul 15, 2015

Challenge
Share
Tweet
Embed
Score 0/25 Timer 06:00
11 Plays Today
% Correct
Captain Ahab
96.7%
Dorothy Gale
94.9%
Scarlett O'Hara
93.4%
Grinch
91.5%
Atticus Finch
90.5%
Jo March
83.3%
Rip Van Winkle
80%
Pollyanna
77.8%
Blanche Dubois
75.3%
Injun Joe
75.2%
The Virginian
72%
Evangeline Bellefontaine
70.2%
Lennie Small
68.8%
% Correct
Holden Caulfield
65.6%
Fern
65.5%
Mike Hammer
62%
Tom Joad
60.7%
Pearl
58.3%
Zeena Frome
53%
Uncas
51.9%
Yossarian (John)
47.8%
George F. Babbitt
47.2%
Nick Adams
36.5%
Quentin Compson
27.2%
Jabez Stone
26.7%

You're not logged in!

Compare scores with friends on all Sporcle quizzes.
Sign Up with Email
OR
Log In

You Might Also Like...

Show Comments

Extras

Top Quizzes Today


Score Distribution

Your Account Isn't Verified!

In order to create a playlist on Sporcle, you need to verify the email address you used during registration. Go to your Sporcle Settings to finish the process.